Statistiques concernant Ligue 1 2010/2011 Classement

Cliquez ici pour prendre le quiz!

Statistiques générales

  • Ce quiz a été pris 108 fois
  • Le résultat moyen est 18 sur 20

Statistiques - réponses

ClassementptsEquipes% Correct
364Lyon
100%
460Paris
100%
268Marseille
99%
751Bordeaux
97%
176Lille
97%
1447Montpellier
96%
1746Nice
95%
656Rennes
94%
850Toulouse
94%
1844Monaco
92%
949Auxerre
89%
1049Saint-Etienne
88%
1546Caen
86%
1935Lens
86%
558Sochaux
85%
1149Lorient
82%
1646Brest
81%
1348Nancy
75%
1248Valenciennes
74%
2020Arles-Avignon
57%

Distribution des résultats

Percentile par nombre de réponses

% des personnes avec chaque résultat

Votre développement - résultats

Vous n’avez pas pris ce quiz